000 00267nam a22001217a 4500
008 170712b xxu||||| |||| 00| 0 eng d
041 _aeng
080 _a038
100 _a23
101 _aFJA
245 _aDICTIONARY OF DEVWLOPMENT
_cWELSH, B.W.W
942 _2udc
_cBK
999 _c20269
_d20269